|
|
|
|
| LEADER |
00000naa2a2200000 4500 |
| 001 |
242142 |
| 005 |
20251219093209.0 |
| 035 |
|
|
|a (RuTPU)RU\TPU\book\263440
|
| 035 |
|
|
|a RU\TPU\book\263431
|
| 090 |
|
|
|a 242142
|
| 100 |
|
|
|a 20130827d2013 k y0rusy50 ca
|
| 101 |
0 |
|
|a rus
|
| 102 |
|
|
|a RU
|
| 135 |
|
|
|a drcn ---uucaa
|
| 181 |
|
0 |
|a i
|
| 182 |
|
0 |
|a b
|
| 200 |
1 |
|
|a Формирование комплексной системы приготовления товарных бензинов
|f В. В. Куртуков
|g науч. рук. Н. В. Чеканцев
|
| 203 |
|
|
|a Текст
|c электронный
|
| 225 |
1 |
|
|a Технология и моделирование процессов подготовки и переработки природных энергоносителей
|
| 300 |
|
|
|a Заглавие с титульного экрана
|
| 337 |
|
|
|a Adobe Reader
|
| 461 |
|
1 |
|0 (RuTPU)RU\TPU\book\259433
|t Химия и химическая технология в XXI веке
|o материалы XIV Всероссийской научно-практической конференции имени профессора Л.П. Кулёва студентов и молодых ученых с международным участием, Томск, 13-16 мая 2013 г
|o в 2 т.
|f Национальный исследовательский Томский политехнический университет (ТПУ)
|d 2013
|
| 463 |
|
1 |
|0 (RuTPU)RU\TPU\book\259439
|t Т. 2
|v [С. 37-39]
|d 2013
|
| 610 |
1 |
|
|a труды учёных ТПУ
|
| 610 |
1 |
|
|a электронный ресурс
|
| 610 |
1 |
|
|a формирование
|
| 610 |
1 |
|
|a комплексные системы
|
| 610 |
1 |
|
|a товарные бензины
|
| 700 |
|
1 |
|a Куртуков
|b В. В.
|
| 702 |
|
1 |
|a Чеканцев
|b Н. В.
|c химик-технолог
|c доцент Томского политехнического университета, инженер, кандидат технических наук
|f 1985-
|g Никита Витальевич
|3 (RuTPU)RU\TPU\pers\25018
|4 727
|
| 712 |
0 |
2 |
|a Национальный исследовательский Томский политехнический университет (ТПУ)
|b Институт природных ресурсов (ИПР)
|b Кафедра химической технологии топлива и химической кибернетики (ХТТ)
|3 (RuTPU)RU\TPU\col\18665
|
| 801 |
|
2 |
|a RU
|b 63413507
|c 20130827
|g RCR
|
| 856 |
4 |
|
|u http://www.lib.tpu.ru/fulltext/c/2013/C27/V2/019.pdf
|
| 942 |
|
|
|c CF
|